000 00253nam a2200109Ia 4500
008 200302s9999 xx 000 0 und d
100 _aC. N. Ledoux
245 _aArchitecture
260 _bPrinceton Architectural Press
260 _c1983
300 _a299 P.,
999 _c762
_d762